| 000 | 00578nam a2200181 i 4500 | ||
|---|---|---|---|
| 001 | 148561 | ||
| 003 | ES-MaACL | ||
| 005 | 20230906202712.0 | ||
| 007 | t| | ||
| 008 | 070214s1968 sp a |||| | spa d | ||
| 100 | 1 |
_aStellatelli, Antonio. _9108076 |
|
| 245 | 1 | 0 |
_aManual de programación y organización comercial / _cAntonio Stellatelli ; traducción de P. Angulo. |
| 260 |
_aMadrid : _bIbérico Europea de Ediciones, _c1968. |
||
| 300 |
_a2 v. : _bil. ; _c22 cm. |
||
| 650 | 0 | 4 |
_aGestión de ventas. _913118 |
| 700 | 1 |
_aAngulo, P. _921782 |
|
| 852 |
_aES-MaACL _jC-55098-99 |
||
| 999 |
_c148561 _d148561 |
||